| 000 | 00960cam a2200265 i 4500 | ||
|---|---|---|---|
| 001 | 16181 | ||
| 003 | DO-SdUEMH | ||
| 005 | 20260120163931.0 | ||
| 007 | ta | ||
| 008 | 211105s2000 dr |||gr|||| 000 0 spa|d | ||
| 040 |
_aDO-SdUEMH _bspa _erda |
||
| 041 | _aspa | ||
| 082 | 1 | 4 |
_mRD _aRD323.67293 C352S _bC352 |
| 084 | _b08-00219 | ||
| 100 |
_aCASTILLO PANTALEON, JUAN MIGUEL _eaut |
||
| 245 | 1 | 0 |
_aSujetos de derechos : _bcomplicación de la normativa vigente en la República Dominicana hasta el 16 de agosto del año 2000 sobre: persona humana, niños, niñas, adolescentes, mujeres, envejecientes, discapacitados, familia y población / _cJuan Miguel castillo Pantaleón |
| 260 | _c2000 | ||
| 264 | 0 | 1 |
_aSanto Domingo, República Dominicana : _bAmigo del hogar, _c2000 |
| 300 |
_aTomos ; _c23 cm. |
||
| 336 |
_2rdacontent _atexto _btxt |
||
| 337 |
_2rdamedia _asin mediación _bn |
||
| 338 |
_2rdacarrier _avolumen _bnc |
||
| 942 |
_2ddc _cBK _n0 |
||
| 999 |
_c16181 _d16181 |
||